LEADER 00872nam a2200229 i 4500 001 000000040591 003 CaOOAMICUS 005 20121002000000.0 008 121002s1988 it u000 u ita u 013 $a11761 040 $aSeMil$bita 100 1 $aVassallo, Federico.$0(OLS)http://semarc/name/19873 245 12$aL'Arcadia di Bareggio /$cFederico Vassallo ; a cura di Carlo P. Riva. 260 $aBareggio :$b[s.n.],$c1988. 300 $a173 p. ;$c24 cm. 650 4$aBareggio.$0(OLS)http://semarc/subject/7578 700 1 $aRiva, Carlo P.$0(OLS)http://semarc/name/18069 850 $aSeMil 852 $aSeMil$W1$xVenegono$y1$m3P V 194$j6746$B6746$CSeMilBibl$Z2$F6746 $81 961 $aOmaggio: Martini Card. Carlo Maria 996 $6245$aL'Arcadia di Bareggio$9(OLS)http://semarc/title/58385 996 $6260$aBareggio :$b[s.n.]$9(OLS)http://semarc/publisher/39927 LEADER 00761nam a2200217 i 4500 001 000000182816 003 CaOOAMICUS 005 20091031000000.0 008 091031s1977 it u000 u ita u 013 $a160777 040 $aSeMil$bita 245 10$aFede e conflitto politico. 260 $aRoma :$bASAL,$ccopyr. 1977. 300 $a175 p. ;$c19 cm. 490 0 $aQuaderni Asal ;$v31. 650 4$aArgentina.$0(OLS)http://semarc/subject/5561 830 0$aQuaderni Asal ;$v31.$0(OLS)http://semarc/title/11326 850 $aSeMil 852 $aSeMil$W1$xVenegono$y1$m3E I 226$j133520$B133520$CSeMilBibl$Z2$F145290 $81 996 $6245$aFede e conflitto politico$9(OLS)http://semarc/title/262328 996 $6260$aRoma :$bASAL$9(OLS)http://semarc/publisher/35262